01596nam a2200433 i 450000100060000000300080000600500170001400600190003100700150005000800410006502000180010602000270012403500230015103500240017403500250019803500210022304000310024405000240027508000120029908200210031110000380033224501640037026400630053430000250059733600310062233700330065333800430068650000230072958801280075265000300088065000270091065000230093765000340096065100140099465500270100870000360103570000290107185600620110038677FlNmELB20241216221612.0m o d | cr cnu||||||||140228s2011 ck o 001 0 spa d z9789588085920 a9789588085937 (e-book) a(MiAaPQ)EBC3216886 a(Au-PeEL)EBL3216886 a(CaPaEBR)ebr10820389 a(OCoLC)992030400 aFINmELBbspaerdacFINmELB 4aHD2346.C7bV42 2011 a334.7130 a338.642098612231 aVega Rodríguez, Ricardo Arturo.10aPYMES :breflexiones para la pequeña y mediana empresa en Colombia /cRicardo Arturo Vega Rodríguez, Alejandro Castaño Ramírez, Julieta Mora Ramírez. 1aBogotá :bEditorial Politécnico Grancolombiano,c2011. a1 recurso en línea atextobtxt2rdacontent/spa acomputadorabc2rdamedia/spa arecurso en líneabcr2rdacarrier/spa aContiene índice. aDescripción basada en recurso en línea; Título de la página del título en PDF (e-libro, visto February 28, 2014). 0aSmall businesszColombia. 0aIndustrial management. 4aEmpresa pequeña. 4aAdministración de empresas. 4aColombia. 4aLibros electrónicos.1 aCastaño Ramírez, Alejandro.1 aMora Ramírez, Julieta.40uhttps://elibro.net/ereader/politecnicointernacional/70783